00626nam a22001575i 4500001000700000003000900007005001700016008004100033100004100074245009700115260007300212300002200285500005300307500002600360852008200386165521ES-MaACL20230906213144.0130528s1870 sp |||| | spa d0 aPonson du Terrail, Pierre Alexis de.10aLos misterios de una raza b: novela escrita en francés / cpor señor Ponson du Terrail. aMadrid : b[s.n.], c1870 (fImp. de la Correspondencia de España) a199 p. ; c22 cm. aPrecede al tit.: La Correspondencia de España. aTexto a dos columnas. aES-MaACLjG-4759(1) z-- Enc. en un vol. facticio z.- Legado M. de la Fuente